Normal view
MARC view
Entry Topical Term
001 - CONTROL NUMBER
- control field: 12790
003 - CONTROL NUMBER IDENTIFIER
- control field: BD-RjUL
005 - DATE AND TIME OF LATEST TRANSACTION
- control field: 20240430153549.0
008 - FIXED-LENGTH DATA ELEMENTS
- fixed length control field: 240430|| aca||aabn | a|a d
040 ## - CATALOGING SOURCE
- Original cataloging agency: BD-RjUL
- Transcribing agency: BD-RjUL
150 ## - HEADING--TOPICAL TERM
- Topical term or geographic name entry element: Lipases
- General subdivision: Rice Bran
670 ## - SOURCE DATA FOUND
- Source citation: Work cat.: (BD-RjUL)83623: ALI, MUHAMMAD MAKSUD 12789, ISOLATION, PURIFICATION, CHARACTERIZATION AND STRUCTURE FUNCTION RELATIONSHIP OF LIPASES FROM DIFFERENT VARIETIES OF RICE BARN /, 1999